000 00262nam a22001097a 4500
999 _c171286
_d171286
082 _a
_b
245 _aWomen writing in india 600 BC to the present (v.1)/
_cby Tharu Susie (ed.).
260 _a
_bOxford,
_c1999.
300 _a535p.
650 _a
942 _cBK